000 00772pam a2200229 a 4500
001 3071735
005 20180822051139.0
008 970729s1998 gw a bf 001 0 eng
010 _a 97030417
020 _a3540627634 (alk. paper)
040 _aDLC
_cDLC
_dDLC
041 _aeng
080 _a617.56
082 0 0 _a617.56
_221
100 1 _a5
101 _aKIR
245 1 0 _aAO ASIF principles in spine surgery /
_cM. Aebi, J.S. Thalgott, J.K. Webb ; with contributions by M. Goytan ... [et al.].
504 _aIncludes bibliographical references and index.
906 _a7
_bcbc
_corignew
_d1
_eocip
_f19
_gy-gencatlg
942 _2ddc
_cBK
999 _c47250
_d47250